000 005980000a22001810004500
003 MACL
005 20160514171639.0
008 160514b xxu||||| |||| 00| 0 eng d
040 _aMACL
_cMACL
041 _aHindi
082 _a891.433 GAU
100 _aगौतम, शान्ति ·
_957286
245 _aदर्द किश्‍तों मे
_cशान्ति गौतम
260 _bरिलायंस बुक स्‍टाल
_c2001
_aनई दिल्‍ली
350 _a95
650 _aIndian Literature Story
_951257
942 _cHIN
_k891.433/GAU/S
_2ddc
999 _c10890
_d10890